[Event "68. BEM 2014"]
[Site "Dortmund"]
[Date "2014.02.06"]
[Round "6.1"]
[White "Brendemühl, Bernd"]
[Black "Stricker, Florian"]
[Result "1/2-1/2"]
[WhiteElo "1961"]
[BlackElo "1891"]
[PlyCount "81"]
[EventDate "2014.??.??"]
[Source "SG Dortmund"]
[SourceDate "2004.12.16"]

1. e4 c5 2. Nf3 d6 3. d4 cxd4 4. Nxd4 Nf6 5. Nc3 a6 6. a4 e5 7. Nb3 Be6 8. Be2
Nbd7 9. O-O h5 10. h3 g6 11. Bg5 Qc7 12. Nd5 Bxd5 13. exd5 Bg7 14. Bf3 O-O 15.
Re1 Nh7 16. Bd2 Rac8 17. Rc1 f5 18. Bc3 Nc5 19. Nxc5 Qxc5 20. Qd2 Nf6 21. Bb4
Qc7 22. c4 Kh7 23. Rc2 Bh6 24. Qc3 Qd7 25. Qa3 Rfd8 26. Ba5 Re8 27. Bb4 Bf8 28.
a5 Red8 29. Bd2 Qf7 30. Bg5 Be7 31. h4 e4 32. Bd1 Nd7 33. f4 Bxg5 34. hxg5 Nc5
35. Be2 Qg7 36. Rd1 Nd3 37. Bxd3 Qd4+ 38. Rf2 exd3 39. Qxd3 Qxd3 40. Rxd3 Rxc4
41. Re2 1/2-1/2

[Event "68. BEM 2014"]
[Site "Dortmund"]
[Date "2014.02.06"]
[Round "6.2"]
[White "Ewers, Christian"]
[Black "Schütz, Ralf"]
[Result "1/2-1/2"]
[WhiteElo "1692"]
[BlackElo "1824"]
[PlyCount "31"]
[EventDate "2014.??.??"]
[Source "SG Dortmund"]
[SourceDate "2004.12.16"]

1. e4 c5 2. Nf3 e6 3. c3 b6 4. d4 Bb7 5. Bd3 d6 6. O-O Nd7 7. Re1 e5 8. Bc4 Be7
9. Qb3 Bf6 10. Bxf7+ Kf8 11. Bh5 g6 12. Bg4 Kg7 13. d5 h5 14. Be6 Nh6 15. Bxd7
Qxd7 16. Bg5 1/2-1/2

[Event "68. BEM 2014"]
[Site "Dortmund"]
[Date "2014.02.06"]
[Round "6.3"]
[White "Kropp, Andreas"]
[Black "Rauschenbusch, Udo"]
[Result "1-0"]
[WhiteElo "1948"]
[BlackElo "1651"]
[PlyCount "41"]
[EventDate "2014.??.??"]
[Source "SG Dortmund"]
[SourceDate "2004.12.16"]

1. Nf3 d5 2. d4 Nf6 3. c4 c6 4. Nc3 h6 5. Bf4 Bf5 6. cxd5 cxd5 7. Qb3 Qb6 8. e3
Qxb3 9. axb3 a6 10. Nb5 Kd8 11. Nc7 e5 12. Bxe5 Bb4+ 13. Ke2 Ng4 14. Nxa8 Bd7
15. Bg3 Nc6 16. Nb6 Be6 17. h3 Nf6 18. Ne5 Nxe5 19. Bxe5 Nd7 20. Nxd7 Bxd7 21.
Bxg7 1-0

[Event "68. BEM 2014"]
[Site "Dortmund"]
[Date "2014.02.06"]
[Round "6.4"]
[White "Grube, Jörg"]
[Black "Krug, Roland"]
[Result "1-0"]
[WhiteElo "1810"]
[BlackElo "1767"]
[PlyCount "53"]
[EventDate "2014.??.??"]
[Source "SG Dortmund"]
[SourceDate "2004.12.16"]

1. e4 c5 2. Nf3 e6 3. d4 cxd4 4. Nxd4 Nf6 5. Nc3 d6 6. Bd3 Nc6 7. Be3 Be7 8. f4
Bd7 9. g4 Nxd4 10. Bxd4 e5 11. fxe5 dxe5 12. Bxe5 Bxg4 13. Bb5+ Kf8 14. Qd3 a6
15. Bc4 Qa5 16. Qg3 h5 17. h3 h4 18. Qf4 Bh5 19. Bb3 Nd7 {(=)} 20. Bd6 Rh6 21.
Bxe7+ Kxe7 22. Rg1 Kf8 23. Rg5 Qb6 24. Rxh5 Qg1+ 25. Kd2 Qg2+ 26. Ne2 Rf6 27.
Qc7 1-0

[Event "68. BEM 2014"]
[Site "Dortmund"]
[Date "2014.02.06"]
[Round "6.5"]
[White "Kartsev, Nikolaj"]
[Black "Begna, Bozidar"]
[Result "1/2-1/2"]
[WhiteElo "1519"]
[BlackElo "1958"]
[PlyCount "51"]
[EventDate "2014.??.??"]
[Source "SG Dortmund"]
[SourceDate "2004.12.16"]

1. e4 d6 2. d4 Nf6 3. Nc3 e5 4. Nf3 Nbd7 5. g4 d5 6. exd5 e4 7. Ng5 Bb4 8. Bd2
Bxc3 9. Bxc3 h6 10. Nh3 Nxd5 11. Bc4 c6 12. Qe2 N7f6 13. Rg1 O-O 14. Rg3 b5 15.
Bxd5 Nxd5 16. Bd2 g5 17. O-O-O Nf6 18. f4 exf3 19. Qxf3 Nd5 20. Re1 Qf6 21. Qd3
(21. Nxg5 $3 hxg5 22. Re5 Nf4 23. h4 $18) 21... Qg6 22. Qf3 Bd7 23. Nf2 Rae8
24. Rh1 Re6 25. h4 f6 26. Nd3 {(=)} 1/2-1/2

[Event "68. BEM 2014"]
[Site "Dortmund"]
[Date "2014.02.06"]
[Round "6.6"]
[White "Gegner, Michael"]
[Black "Raskin, Vitali"]
[Result "1-0"]
[WhiteElo "1491"]
[BlackElo "1619"]
[PlyCount "79"]
[EventDate "2014.??.??"]
[Source "SG Dortmund"]
[SourceDate "2004.12.16"]

1. d4 d5 2. e4 dxe4 3. Nc3 Nf6 4. f3 exf3 5. Nxf3 e6 6. Bg5 Be7 7. Bd3 Nc6 8.
Qd2 h6 9. Be3 Nd5 10. Bf2 Bf6 11. Ne4 Be7 12. a3 f5 13. Ng3 O-O 14. c3 Bd6 15.
O-O Kh8 16. c4 Nf6 17. Rae1 Ng4 18. h3 Nxf2 19. Qxf2 Bxg3 20. Qxg3 Nxd4 21. Ne5
Kg8 22. Ng6 Rf6 23. Rf4 c5 24. Ne5 Qc7 25. h4 Nc6 26. Nxc6 Qxc6 27. Bc2 Qc7 28.
Qe3 Bd7 29. Rd1 e5 30. Rf2 f4 31. Qc3 Re8 32. Rfd2 Bg4 33. Re1 f3 34. g3 e4 35.
Kf2 Bf5 36. Qe3 Rd6 37. Rxd6 Qxd6 38. Rd1 Qc7 39. Rd5 Re5 40. Qf4 {
und Schwarz ueberschritt in gewonnener Stellung die Zeit.} ({Nach} 40. Qf4 {
haette folgen koennen:} 40... Rxd5 $1 41. Qxc7 (41. cxd5 Qxf4 42. gxf4 e3+ $19)
41... Rd2+ 42. Ke1 (42. Ke3 Re2+ 43. Kf4 f2) 42... Rxc2 {usw.}) 1-0

[Event "68. BEM 2014"]
[Site "Dortmund"]
[Date "2014.02.06"]
[Round "6.7"]
[White "Reinacher, Detlev"]
[Black "Zabel, Reinhard"]
[Result "1-0"]
[WhiteElo "1532"]
[BlackElo "1498"]
[PlyCount "89"]
[EventDate "2014.??.??"]
[Source "SG Dortmund"]
[SourceDate "2004.12.16"]

1. e4 e5 2. d3 Nf6 3. Nf3 Nc6 4. Nbd2 d5 5. g3 dxe4 6. dxe4 Bg4 7. Bg2 Bc5 8.
O-O O-O 9. Re1 Qe7 10. h3 Bh5 11. g4 Bg6 12. Nh4 Rfd8 13. Nxg6 hxg6 14. c3 Rd7
15. b4 Bb6 16. Qc2 Rad8 17. Nc4 Qe6 18. Bf1 Nxg4 19. hxg4 Qxg4+ 20. Bg2 f5 21.
exf5 gxf5 22. Nxb6 axb6 23. Qb3+ Kh8 24. f3 Qg3 25. Be3 Rd3 26. Bf2 Qg5 27. Kf1
Rd2 28. Rad1 R8d3 29. Rxd2 Rxd2 30. Re2 Rd3 31. Qc2 Rd6 32. Be1 Qf4 33. Bd2 Qc4
34. Bc1 Rd3 35. Bb2 f4 36. Ke1 g5 37. Ba1 Kg7 38. Rd2 Rd6 39. Bf1 Qe6 40. Rh2
Qg6 41. b5 Ne7 42. c4 Kf6 43. Bh3 Nf5 44. Bxf5 Qxf5 45. Rh6+ 1-0

[Event "68. BEM 2014"]
[Site "Dortmund"]
[Date "2014.02.06"]
[Round "6.8"]
[White "Cogan, Leonid"]
[Black "Simon, Thomas"]
[Result "1/2-1/2"]
[WhiteElo "1741"]
[BlackElo "1730"]
[PlyCount "32"]
[EventDate "2014.??.??"]
[Source "SG Dortmund"]
[SourceDate "2004.12.16"]

1. e4 c5 2. Nf3 Nc6 3. Bb5 g6 4. Bxc6 dxc6 5. h3 Bg7 6. d3 e5 7. Be3 b6 8. Qd2
Qc7 9. Nc3 Ba6 10. O-O-O O-O-O 11. Qe2 Nf6 12. Nd2 Rhe8 13. Rhf1 Nh5 14. g3 Kb7
15. Nb3 Ka8 16. Rg1 Bc8 1/2-1/2

[Event "68. BEM 2014"]
[Site "Dortmund"]
[Date "2014.02.06"]
[Round "6.9"]
[White "Ziemek, Gerhard"]
[Black "Brohl, Thomas"]
[Result "0-1"]
[WhiteElo "1615"]
[BlackElo "1523"]
[PlyCount "106"]
[EventDate "2014.??.??"]
[Source "SG Dortmund"]
[SourceDate "2004.12.16"]

1. d4 Nf6 2. Nc3 d5 3. e4 Nxe4 4. Bd3 Nxc3 5. bxc3 e6 6. Nf3 c5 7. Ne5 c4 8.
Be2 Bd6 9. f4 Nd7 10. O-O O-O 11. Qe1 f6 12. Ng4 e5 13. fxe5 fxe5 14. Rxf8+
Qxf8 15. dxe5 Nxe5 16. Nxe5 Bxe5 17. Bd2 Qd6 18. Qh4 Bf5 19. Rc1 Rf8 20. Be1 {
(=)} 20... Be4 21. Bd2 Qb6+ 22. Kh1 Qf2 23. Qg4 Kh8 24. Rg1 Qf5 25. Qh4 Qf6 26.
Qe1 Qf2 27. Bf3 Qxe1 28. Rxe1 Bf4 29. Bxf4 Rxf4 30. Kg1 Kg8 31. Kf2 Kf7 32. Kg3
g5 33. h3 Ke6 34. Bg4+ Kd6 35. a3 Kc5 36. Rc1 Rf6 37. a4 Ra6 38. Bd7 Rb6 39.
Kg4 Bxg2 40. Kxg5 Be4 41. Kf4 Rb2 42. Bf5 Bxf5 43. Kxf5 Ra2 44. Ke5 Rxa4 45.
Rd1 Ra3 46. Rxd5+ Kc6 47. Kd4 Rxc3 48. Rc5+ Kb6 49. Rh5 Rxc2 50. Rxh7 a5 51. h4
a4 52. h5 a3 53. h6 a2 0-1

[Event "68. BEM 2014"]
[Site "Dortmund"]
[Date "2014.02.06"]
[Round "6.10"]
[White "Duschek, Günter"]
[Black "Jentzsch, Werner Wilfried"]
[Result "1-0"]
[WhiteElo "1482"]
[BlackElo "1337"]
[PlyCount "89"]
[EventDate "2014.??.??"]
[Source "SG Dortmund"]
[SourceDate "2004.12.16"]

1. d4 Nf6 2. Bf4 d6 3. Nf3 b6 4. e3 Bb7 5. c3 Nbd7 6. Nbd2 e6 7. Bg5 Be7 8. Be2
O-O 9. a4 a5 10. Qc2 Ba6 11. Bxa6 Rxa6 12. h4 h6 13. Bf4 c5 14. h5 cxd4 15.
exd4 Nd5 16. Bg3 Qc8 17. Ne4 Qc6 18. Qe2 Ra7 19. O-O N5f6 20. Nfd2 d5 21. Nxf6+
Bxf6 22. Nf3 Rc8 23. Ne5 Nxe5 24. Bxe5 Bxe5 25. Qxe5 Rac7 26. f4 b5 27. axb5
Qxb5 28. Rf2 Ra7 29. f5 Qb8 30. fxe6 Qxe5 31. exf7+ Rxf7 32. dxe5 Re7 33. Re2
Rc5 34. e6 Rb5 35. Rd1 a4 36. Ra1 Ra5 37. Re5 Rb5 38. c4 Rxb2 39. cxd5 Rb5 40.
Rxa4 Rc5 41. Ra8+ Kh7 42. d6 Rxe5 43. dxe7 Rxe6 44. e8=Q Re7 45. Qh8# 1-0

[Event "68. BEM 2014"]
[Site "Dortmund"]
[Date "2014.02.06"]
[Round "6.11"]
[White "Kawka, Bogdan"]
[Black "Benke, Werner"]
[Result "0-1"]
[WhiteElo "1118"]
[BlackElo "1555"]
[PlyCount "123"]
[EventDate "2014.??.??"]
[Source "SG Dortmund"]
[SourceDate "2004.12.16"]

1. e4 e5 2. Nf3 Nc6 3. Bb5 Bc5 4. c3 Nf6 5. d4 exd4 6. cxd4 Bb4+ 7. Bd2 Bxd2+
8. Nbxd2 a6 9. Ba4 b5 10. Bb3 d6 11. d5 Ne5 12. Nxe5 dxe5 13. O-O O-O 14. a4
Bd7 15. Qe2 c6 16. axb5 cxd5 17. Rxa6 Rb8 18. Ba4 dxe4 19. Rd1 Qe7 20. Nxe4
Nxe4 21. Qxe4 Bxb5 22. Bxb5 Rxb5 23. Rb1 Rfb8 24. b4 h6 25. Ra8 Qd6 26. Rxb8+
Rxb8 27. h3 g6 28. b5 Rb6 29. Qc4 Kg7 30. Ra1 Qb8 31. Rb1 Rf6 32. Qc5 Rb6 33.
Qd5 Kf6 34. g3 Rd6 35. Qc5 Qb6 36. Qc4 Rd2 37. Qf1 Kg7 38. Qe1 Rd5 39. Qe2 h5
40. h4 Kf8 41. Qc4 Rc5 42. Qb4 Kg8 43. Qb2 Rd5 44. Qe2 {(=)} 44... Kg7 45. Rb3
f6 46. Kg2 Rc5 47. Qe3 Kf7 48. Qh6 Qb7+ 49. Kh2 Ke6 50. b6 Rc2 51. Qe3 Rc6 52.
Rb4 Rd6 53. Qb3+ Ke7 54. Qa3 Ke6 55. Qa7 Rd7 56. Qxb7 Rxb7 57. Kg2 Kd6 58. Kf3
Kd5 59. Ke3 Kc5 60. Rb2 Rxb6 61. Rxb6 Kxb6 62. f3 {
und Weiss verlor das (nicht mehr rekonstruierbare) Bauernendspiel.} 0-1

[Event "68. BEM 2014"]
[Site "Dortmund"]
[Date "2014.02.06"]
[Round "6.12"]
[White "Schlettig, Hans-Joachim"]
[Black "Simon, Stefan"]
[Result "1/2-1/2"]
[WhiteElo "1183"]
[BlackElo "1431"]
[PlyCount "32"]
[EventDate "2014.??.??"]
[Source "SG Dortmund"]
[SourceDate "2004.12.16"]

1. e4 e5 2. Nf3 Nc6 3. Bb5 a6 4. Bxc6 dxc6 5. Nxe5 Qd4 6. Nf3 Qxe4+ 7. Qe2
Qxe2+ 8. Kxe2 Bg4 9. h3 Bh5 10. Re1 Bc5 11. g4 Bg6 12. Kf1+ Ne7 13. d3 O-O-O
14. Be3 Bd6 15. Nbd2 Nd5 16. Re2 Nb4 {(=)} 1/2-1/2

[Event "68. BEM 2014"]
[Site "Dortmund"]
[Date "2014.02.06"]
[Round "6.13"]
[White "Wangrin, Stefan A"]
[Black "Busse, Siegfried"]
[Result "1/2-1/2"]
[WhiteElo "1323"]
[BlackElo "1284"]
[PlyCount "133"]
[EventDate "2014.??.??"]
[Source "SG Dortmund"]
[SourceDate "2004.12.16"]

1. e4 e5 2. Bc4 Nf6 3. d3 d5 4. exd5 Nxd5 5. Qh5 Nc6 6. Bb5 Qd6 7. Nf3 Qb4+ 8.
Nc3 Nxc3 9. Bxc6+ bxc6 10. Qxe5+ Qe7 11. bxc3 f6 12. Qxe7+ Bxe7 13. O-O Kf7 14.
Rb1 Be6 15. c4 Rab8 16. Nd2 Rb6 17. Rb3 Rhb8 18. Rxb6 cxb6 19. Nb3 c5 20. a4 a5
21. Bf4 Rc8 22. Nd2 f5 23. h4 Bxh4 24. Nf3 Bf6 25. Rb1 Rc6 26. Ne5+ Bxe5 27.
Bxe5 g6 {(=)} 28. Bb8 Bd7 29. Ba7 Re6 30. Bxb6 Bxa4 31. Bxa5 Bxc2 32. Rb7+ Re7
33. Rb5 Bxd3 34. Rxc5 Ke6 35. Bb4 Rb7 36. Rc6+ Kf7 37. Bd6 Ke6 38. c5 Kd7 39.
Rb6 $4 Rxb6 40. cxb6 Kc6 $4 (40... Kxd6 $18) 41. Bc5 Ba6 42. Bd4 Kd5 43. Be3
Ke4 44. g3 Kf3 45. Kh2 Kg4 46. Kg2 Bb7+ 47. Kf1 h5 48. f4 Kxg3 49. Kg1 h4 50.
Bf2+ Kg4 51. Kh2 g5 (51... Kxf4 $1 52. Bxh4 g5 53. Bf2 g4 54. Bc5 Kf3 55. Kg1
g3 56. Bd6 f4 57. Bb4 Kg4 58. Bc5 f3 59. Kf1 Ba6+ 60. Kg1 Kf5 $19) 52. fxg5
Kxg5 53. Kh3 f4 54. Bxh4+ Kf5 55. Bf2 Ke4 56. Kg4 f3 57. Kg5 Kd3 58. Kf4 Ke2
59. Bc5 f2 60. Bxf2 Kxf2 61. Ke5 Ke3 62. Kd6 Kd3 63. Kc7 Bf3 64. Kd6 Kc4 65.
Kc7 Kb5 66. b7 Bxb7 67. Kxb7 1/2-1/2

[Event "68. BEM 2014"]
[Site "Dortmund"]
[Date "2014.02.06"]
[Round "6.15"]
[White "Sobottka, Hans-Gerald"]
[Black "Pachura, Karl-Heinz"]
[Result "1-0"]
[WhiteElo "876"]
[BlackElo "1396"]
[PlyCount "77"]
[EventDate "2014.??.??"]
[Source "SG Dortmund"]
[SourceDate "2004.12.16"]

1. c4 c5 2. d4 e6 3. e4 Nc6 4. Nf3 cxd4 5. Nxd4 Bb4+ 6. Nc3 Nxd4 7. Qxd4 Qf6 8.
Qxf6 Nxf6 9. e5 Ne4 10. Bd2 Nxd2 11. Kxd2 b6 12. a3 Bc5 13. Nb5 O-O 14. f4 Bb7
15. Nd6 Bc6 16. b4 Bxd6 17. exd6 a6 18. c5 bxc5 19. bxc5 Rfe8 20. Re1 a5 21.
Rg1 Rab8 22. Bd3 Rb2+ 23. Kc3 Reb8 24. Rb1 Rxb1 25. Rxb1 Rxb1 26. Bxb1 {(=)}
26... Bxg2 27. Kc4 Bc6 28. Kd4 f5 29. h4 Kf7 30. Bd3 Kg6 31. Be2 Kf6 32. Bd1 h6
33. Ke3 g5 34. fxg5+ hxg5 35. hxg5+ Kxg5 36. Bf3 Bxf3 37. Kxf3 e5 38. c6 e4+
39. Ke2 1-0

[Event "68. BEM 2014"]
[Site "Dortmund"]
[Date "2014.02.06"]
[Round "6.16"]
[White "Grawe, Herbert"]
[Black "Schmidt, Andreas N"]
[Result "0-1"]
[WhiteElo "1463"]
[BlackElo "984"]
[PlyCount "62"]
[EventDate "2014.??.??"]
[Source "SG Dortmund"]
[SourceDate "2004.12.16"]

1. f4 Nc6 2. Nf3 d6 3. c3 e5 4. d4 e4 5. Ng5 Nf6 6. Qc2 Bf5 7. e3 a6 8. h3 h5
9. Nd2 d5 10. a3 Be7 11. c4 O-O 12. cxd5 Nxd5 13. Ndxe4 Bxg5 14. fxg5 Re8 15.
Bd3 Bxe4 16. Bxe4 Qxg5 17. Bxd5 Qxd5 18. O-O g6 19. Qf2 Re4 20. Bd2 Ne7 21.
Rac1 b6 22. Rxc7 Nf5 23. Qf3 Rf8 24. Rfc1 Nh4 25. Qf6 Qf5 26. Qxb6 Re6 27. Qb7
Rf6 28. Be1 Qf1+ 29. Kh2 Nf3+ 30. Kg3 h4+ 31. Kg4 Qxg2+ 0-1

[Event "68. BEM 2014"]
[Site "Dortmund"]
[Date "2014.02.06"]
[Round "6.17"]
[White "Reker, Gerhard"]
[Black "Wilkins, Petra"]
[Result "0-1"]
[WhiteElo "890"]
[BlackElo "942"]
[PlyCount "70"]
[EventDate "2014.??.??"]
[Source "SG Dortmund"]
[SourceDate "2004.12.16"]

1. e4 Nc6 2. d4 e5 3. d5 Nce7 4. d6 Ng6 5. dxc7 Qxc7 6. Nc3 Bb4 7. Bd2 Bxc3 8.
Bxc3 N8e7 9. Nf3 O-O 10. Bd3 b6 11. Bb4 d6 12. O-O a5 13. Ba3 Bg4 14. Be2 Nf4
15. Bxd6 Nxe2+ 16. Kh1 Qd7 17. Nxe5 Qe6 18. Nxg4 Rfd8 19. Qxe2 Rxd6 20. e5 Rd4
21. f3 Ng6 22. c3 Rd5 23. f4 Qf5 24. g3 Re8 25. Ne3 Qe4+ 26. Rf3 Rd7 27. Kg2
Nf8 28. b3 Rd3 29. c4 Red8 30. Qf2 Rd2 31. Re1 Rxf2+ 32. Kxf2 Rd2+ 33. Re2
Rxe2+ 34. Kxe2 Ne6 35. Kf2 Nd4 0-1

[Event "68. BEM 2014"]
[Site "Dortmund"]
[Date "2014.02.10"]
[Round "7.1"]
[White "Ewers, Christian"]
[Black "Brendemühl, Bernd"]
[Result "1/2-1/2"]
[WhiteElo "1692"]
[BlackElo "1961"]
[PlyCount "43"]
[EventDate "2014.??.??"]
[Source "SG Dortmund"]
[SourceDate "2004.12.16"]

1. e4 c5 2. Nf3 d6 3. d4 cxd4 4. Nxd4 Nf6 5. Nc3 g6 6. Bg5 Bg7 7. Be2 O-O 8.
Qd2 Nc6 9. Nxc6 bxc6 10. Bh6 Rb8 11. Bxg7 Kxg7 12. Rb1 e5 13. f4 Qe7 14. O-O
Rd8 15. f5 d5 16. g4 h6 17. g5 hxg5 18. Qxg5 Qd6 19. Bd3 Rb4 20. a3 Rd4 21.
Rbe1 c5 22. Nb5 1/2-1/2

[Event "68. BEM 2014"]
[Site "Dortmund"]
[Date "2014.02.10"]
[Round "7.2"]
[White "Schütz, Ralf"]
[Black "Kropp, Andreas"]
[Result "0-1"]
[WhiteElo "1824"]
[BlackElo "1948"]
[PlyCount "50"]
[EventDate "2014.??.??"]
[Source "SG Dortmund"]
[SourceDate "2004.12.16"]

1. d4 Nf6 2. Bg5 e6 3. Nd2 Be7 4. e4 O-O 5. Bd3 c5 6. dxc5 Na6 7. e5 Nd5 8.
Bxe7 Qxe7 9. Bxa6 bxa6 10. Ne4 f6 11. Nh3 fxe5 12. O-O Bb7 13. Nd6 Bc6 14. g3
Qf6 15. f3 Ne3 16. Qd3 Nxf1 17. Rxf1 Rab8 18. b3 Rb4 19. c3 Rbb8 20. Kg2 h6 21.
Ng1 g5 22. Ne4 Qf5 23. Re1 g4 24. fxg4 Qf2+ 25. Kh3 Qxe1 0-1

[Event "68. BEM 2014"]
[Site "Dortmund"]
[Date "2014.02.10"]
[Round "7.3"]
[White "Stricker, Florian"]
[Black "Grube, Jörg"]
[Result "1-0"]
[WhiteElo "1891"]
[BlackElo "1810"]
[PlyCount "105"]
[EventDate "2014.??.??"]
[Source "SG Dortmund"]
[SourceDate "2004.12.16"]

1. d4 Nf6 2. c4 e6 3. Nc3 Bb4 4. Qc2 c5 5. e3 Nc6 6. Nf3 O-O 7. a3 Bxc3+ 8.
bxc3 d6 9. Be2 b6 10. O-O e5 11. Nd2 exd4 12. cxd4 cxd4 13. Bf3 d5 14. cxd5 Ne5
15. Be4 Ba6 16. exd4 Rc8 17. Qa4 Nxe4 18. Qxa6 Qxd5 19. dxe5 Nxd2 20. Bxd2 Qxd2
21. Qxa7 Qb2 22. Rab1 Qxe5 23. Qxb6 Rc2 24. a4 h6 25. Rfe1 Qc5 26. Qxc5 Rxc5
27. Rb5 Rfc8 28. Rxc5 Rxc5 29. Ra1 Ra5 30. Kf1 Kf8 31. Ke2 Ke7 32. Kd3 Kd6 33.
Kc4 Rc5+ 34. Kb3 Kc6 35. Ra2 Kb6 36. Kb4 Rg5 37. a5+ Ka6 38. f3 Rb5+ 39. Kc4 f6
40. Kd4 Re5 41. f4 Re1 42. g3 Rd1+ 43. Ke4 g6 44. Rc2 Rd6 45. Rc5 g5 46. Kf5
Rd2 47. Kxf6 gxf4 48. gxf4 Rxh2 49. Kg6 Rf2 50. f5 h5 51. Kxh5 Rg2 52. f6 Rg1
53. Rf5 1-0

[Event "68. BEM 2014"]
[Site "Dortmund"]
[Date "2014.02.10"]
[Round "7.4"]
[White "Gegner, Michael"]
[Black "Reinacher, Detlev"]
[Result "1-0"]
[WhiteElo "1491"]
[BlackElo "1532"]
[PlyCount "25"]
[EventDate "2014.??.??"]
[Source "SG Dortmund"]
[SourceDate "2004.12.16"]

1. d4 Nf6 2. Nc3 g6 3. e4 d6 4. Nf3 Bg7 5. Be3 O-O 6. Qd2 Re8 7. Bd3 c6 8. Bh6
Bh8 9. h3 Nbd7 10. e5 dxe5 11. dxe5 Nd5 12. e6 fxe6 13. Bxg6 1-0

[Event "68. BEM 2014"]
[Site "Dortmund"]
[Date "2014.02.10"]
[Round "7.5"]
[White "Begna, Bozidar"]
[Black "Brohl, Thomas"]
[Result "1-0"]
[WhiteElo "1958"]
[BlackElo "1523"]
[PlyCount "43"]
[EventDate "2014.??.??"]
[Source "SG Dortmund"]
[SourceDate "2004.12.16"]

1. e4 e5 2. Nf3 Nc6 3. Bb5 a6 4. Ba4 d6 5. Bxc6+ bxc6 6. d4 exd4 7. Qxd4 Qf6 8.
Qc4 Bb7 9. Nc3 Qg6 10. O-O Nf6 11. Re1 Be7 12. Nh4 Qg4 13. Nf5 d5 14. Qb3 Rb8
15. h3 Qg6 16. Nxe7 Kxe7 17. exd5+ Kd7 18. Qa4 Rhe8 19. Bf4 Rbd8 20. Red1 Kc8
21. dxc6 Ne4 22. Rxd8+ 1-0

[Event "68. BEM 2014"]
[Site "Dortmund"]
[Date "2014.02.10"]
[Round "7.6"]
[White "Krug, Roland"]
[Black "Duschek, Günter"]
[Result "0-1"]
[WhiteElo "1767"]
[BlackElo "1482"]
[PlyCount "91"]
[EventDate "2014.??.??"]
[Source "SG Dortmund"]
[SourceDate "2004.12.16"]

1. d4 Nf6 2. c4 e5 3. dxe5 Ng4 4. Nf3 Nc6 5. Bf4 Bb4+ 6. Nbd2 Qe7 7. e3 Ngxe5
8. Nxe5 Nxe5 9. a3 Bxd2+ 10. Qxd2 d6 11. Be2 Ng6 12. Bg3 Bd7 13. Bf3 Bc6 14.
Bxc6+ bxc6 15. O-O h5 16. h3 h4 17. Bh2 O-O 18. b4 Ne5 19. Qd4 a5 20. c5 axb4
21. axb4 f5 22. Rfd1 Rxa1 23. Rxa1 Nf7 24. Qc4 Qf6 25. Qd4 Qe7 26. Kf1 dxc5 27.
Qxc5 Qf6 28. Rc1 Rd8 29. Bxc7 Rd2 30. Qc3 Rd1+ 31. Ke2 Rxc1 32. Qxc1 Qe6 33. f3
Qg6 34. Kf2 Qe6 35. Qd2 Qe7 36. Bb8 Qe8 37. Bh2 Qe6 38. g3 f4 39. gxh4 Qxh3 40.
Bxf4 Qxh4+ 41. Bg3 Qf6 42. Qd4 Qe6 43. e4 Qa2+ 44. Ke3 Qa3+ 45. Kf4 Qc1+ 46.
Qe3 $4 {und der Zug 46...g5+, wonach die weisse Dame verloren geht, wurde von
beiden Spielern nicht (mehr) notiert.} 0-1

[Event "68. BEM 2014"]
[Site "Dortmund"]
[Date "2014.02.10"]
[Round "7.7"]
[White "Rauschenbusch, Udo"]
[Black "Kartsev, Nikolaj"]
[Result "1-0"]
[WhiteElo "1651"]
[BlackElo "1519"]
[PlyCount "71"]
[EventDate "2014.??.??"]
[Source "SG Dortmund"]
[SourceDate "2004.12.16"]

1. d4 Nf6 2. Bf4 d6 3. Nf3 Bf5 4. h3 h6 5. e3 Nc6 6. c3 e6 7. Bd3 Bxd3 8. Qxd3
Qd7 9. Nbd2 g5 10. Bh2 Bg7 11. e4 O-O-O 12. O-O-O g4 13. hxg4 Nxg4 14. Bg3 e5
15. d5 Ne7 16. Nh4 Bf6 17. f3 Bg5 18. fxg4 Qa4 19. Kb1 c5 20. b3 Qa3 21. Nc4
Qa6 22. Qf3 b5 23. Ne3 c4 24. Kb2 Rd7 25. Nc2 Rb7 26. Qxf7 Qa5 27. Qe6+ Kc7 28.
Bxe5 Rb6 29. Bxh8 Ra6 30. Ra1 Nc8 31. Nf3 Bf4 32. g3 Bc1+ 33. Rhxc1 Nb6 34.
Qe7+ Kb8 35. Qxd6+ Kb7 36. Qc6+ 1-0

[Event "68. BEM 2014"]
[Site "Dortmund"]
[Date "2014.02.10"]
[Round "7.8"]
[White "Benke, Werner"]
[Black "Cogan, Leonid"]
[Result "0-1"]
[WhiteElo "1555"]
[BlackElo "1741"]
[PlyCount "58"]
[EventDate "2014.??.??"]
[Source "SG Dortmund"]
[SourceDate "2004.12.16"]

1. e4 c5 2. Nf3 e6 3. d4 cxd4 4. Nxd4 a6 5. Be3 Nf6 6. Nd2 Qc7 7. g3 h5 8. Ne2
Nc6 9. Bg2 Nb4 10. Nc3 Ng4 11. Nf1 Nxe3 12. Nxe3 Nc6 13. Qd2 b5 14. a3 Bb7 15.
O-O g6 16. Ne2 Bg7 17. c3 h4 18. g4 h3 19. Bh1 Na5 20. Rad1 Nb3 21. Qc2 Na5 22.
Rd3 O-O-O 23. Rfd1 Kb8 24. a4 Be5 25. Ng3 Bc6 26. b3 Nb7 27. Rc1 Nc5 28. Rd2
Qb7 29. axb5 axb5 {und Weiss ueberschritt die Zeit.} 0-1

[Event "68. BEM 2014"]
[Site "Dortmund"]
[Date "2014.02.10"]
[Round "7.9"]
[White "Simon, Thomas"]
[Black "Zabel, Reinhard"]
[Result "1/2-1/2"]
[WhiteElo "1730"]
[BlackElo "1498"]
[PlyCount "35"]
[EventDate "2014.??.??"]
[Source "SG Dortmund"]
[SourceDate "2004.12.16"]

1. Nf3 Nf6 2. g3 d5 3. c4 e6 4. Bg2 c6 5. b3 Be7 6. Bb2 b6 7. O-O Nbd7 8. d4
Bb7 9. Nc3 O-O 10. Qc2 Qc7 11. Rfd1 Rac8 12. e4 dxe4 13. Nxe4 Nxe4 14. Qxe4 Nf6
15. Qc2 Rfd8 16. Rac1 c5 17. dxc5 Qxc5 18. Bxf6 1/2-1/2

[Event "68. BEM 2014"]
[Site "Dortmund"]
[Date "2014.02.10"]
[Round "7.10"]
[White "Raskin, Vitali"]
[Black "Sohraby, Darjusch"]
[Result "1-0"]
[WhiteElo "1619"]
[BlackElo "1292"]
[PlyCount "27"]
[EventDate "2014.??.??"]
[Source "SG Dortmund"]
[SourceDate "2004.12.16"]

1. d4 d5 2. c4 e6 3. Nf3 Nf6 4. Nc3 Nbd7 5. e3 Be7 6. Bd3 O-O 7. O-O c5 8. cxd5
exd5 9. Ne5 Qc7 10. f4 a6 11. a4 Nxe5 12. fxe5 Bg4 13. Qe1 Ne4 14. Nxd5 1-0

[Event "68. BEM 2014"]
[Site "Dortmund"]
[Date "2014.02.10"]
[Round "7.11"]
[White "Busse, Siegfried"]
[Black "Ziemek, Gerhard"]
[Result "0-1"]
[WhiteElo "1284"]
[BlackElo "1615"]
[PlyCount "82"]
[EventDate "2014.??.??"]
[Source "SG Dortmund"]
[SourceDate "2004.12.16"]

1. e4 e5 2. Nf3 d6 3. d4 exd4 4. Nxd4 Be7 5. Bd3 Nf6 6. Nf5 Bxf5 7. exf5 Nc6 8.
Bb5 Qd7 9. Qf3 O-O 10. O-O a6 11. Bd3 d5 12. c3 Ne5 13. Qd1 Bd6 14. h3 h6 15.
Bc2 Nc4 16. b3 Ne5 17. Nd2 c5 18. f4 Nc6 19. Nf3 Bc7 20. Nh2 Rad8 21. Ng4 Nxg4
22. Qxg4 d4 23. Rd1 Bb6 24. Bb2 Ne7 25. c4 Qd6 26. Be4 Rd7 27. Rd3 Kh8 28. a3
Bd8 29. b4 b6 30. Rf1 Ng8 31. Rg3 Bf6 32. Qf3 Ne7 33. Qg4 Re8 34. Qh5 Rf8 35.
Rff3 cxb4 36. axb4 Qxb4 37. Ba3 Qe1+ 38. Kh2 Qxe4 39. Bxe7 Rxe7 40. Rg4 d3 41.
Rfg3 Qd4 0-1

[Event "68. BEM 2014"]
[Site "Dortmund"]
[Date "2014.02.10"]
[Round "7.13"]
[White "Jentzsch, Werner Wilfried"]
[Black "Schlettig, Hans-Joachim"]
[Result "1-0"]
[WhiteElo "1337"]
[BlackElo "1183"]
[PlyCount "81"]
[EventDate "2014.??.??"]
[Source "SG Dortmund"]
[SourceDate "2004.12.16"]

1. d4 d5 2. Nc3 c5 3. dxc5 e6 4. Be3 Nc6 5. Nf3 Nf6 6. Nd4 a6 7. Nxc6 bxc6 8.
Qd4 Be7 9. Qa4 Qc7 10. b4 Bb7 11. g3 O-O 12. Bg2 Nd7 13. O-O a5 14. Rfb1 Rfb8
15. Bf4 e5 16. Bd2 axb4 17. Qxb4 Bxc5 18. Qg4 Nf6 19. Qf3 e4 20. Qf4 Bd6 21.
Qe3 Be5 22. Qb6 Qc8 23. Rb3 Ba6 24. Qc5 Bc4 25. Rxb8 Rxb8 26. Rb1 Rxb1+ 27.
Nxb1 Bxe2 28. Bb4 Nd7 29. Bh3 Nxc5 30. Bxc8 Ne6 31. Bd7 Nd4 32. c3 Nf3+ 33. Kg2
Bc4 34. a4 d4 35. Bxc6 Ne1+ 36. Kg1 d3 37. Bxe4 Nc2 38. Bc5 Ba2 39. a5 Ne1 40.
a6 Bb8 41. Nd2 1-0